000 00685nam a2200265Ia 4500
003 OSt
005 20221005093859.0
006 a|||||r|||| 00| 0
007 ta
008 221004b |||||||| |||| 00| 0 eng d
020 _a0631212124
024 _a29087
037 _cTextual
040 _aCRL
_cCRL
_beng
041 _2eng
_aeng
082 _aV42:28, N9
100 _aStockwin J A A
245 0 _aGoverning Japan
_b Divided politics in a major economy
250 _a3rd
260 _aOxford
_bBlackwell
_c1999
300 _a269p.
_ccm.
650 _aJAPAN - HISTORY
942 _hV42:28, N9
_cTEXL
_2cc
999 _c1001075
_d1001075